00519cam a22001934a 45000010009000000050017000090080041000260100017000670200028000840400018001120410008001300420008001380800020001460820024001661000007001901010008001972450056002055040064002611203487320180312045058.0000608s2001 mdu b 001 0 eng  a 00042563  a0847688615 (alk. paper) aDLCcDLCdDLC aeng apcc a305.80083 deb00a305.80083 deb2211 a59 asoc14aThe first R :cDebra Van Ausdale and Joe R. Feagin. aIncludes bibliographical references (p. 215-222) and index.